000 00286nam a2200121Ia 4500
005 20260328104308.0
008 260328s9999||||xx |||||||||||||| ||und||
100 _aArndt, Ingo
245 0 _aAnimal Architecture /
_cIngo Arndt
300 _a159 p.
650 _aFOTOGRAFÍA
942 _cBK
999 _c10841
_d10841